les joueurs de foot les plus diplômés - Statistiques

Statistiques générales
  • Ce quiz a été pris 20 fois
  • Le résultat moyen est 2 sur 10
Statistiques - réponses
Top diplômes Joueurs % Correct
1 master Vincent kompagny
100%
2 master gerard pique
100%
10 bac s dries Mertens
7%
9 bas comptabilité n'golo kante
0%
8 licence éducation physique robert lewandowski
0%
3 licence en économie ces Fabregas
0%
4 licence en économie giorgio chiellini
0%
6 licence en marketing Juan mata
0%
7 licence en science andres iniesta
0%
5 licence en staps olivier Giroud
0%
Aucun quiz correspondant
Distribution des résultats
% des personnes avec chaque résultat
Percentile par nombre de réponses
Votre historique - résultats
Vous n’avez pas pris ce quiz